[Event "6. Obert Internacional Masdenverge 2017"]
[Site "Masdenverge ESP"]
[Date "2017.07.02"]
[Round "7.4"]
[White "Lopez Minguella, Armand"]
[Black "Fernandez Alonso, Miguel Angel"]
[Result "0-1"]
[WhiteElo "1554"]
[BlackElo "2104"]
[PlyCount "74"]
[EventDate "2017.06.30"]
[EventType "swiss"]
[EventRounds "7"]
[EventCountry "ESP"]
[SourceTitle "Ajedrez en Madrid"]
[Source "lmi"]
[SourceDate "2017.06.30"]
[SourceVersion "1"]
[SourceVersionDate "2018.04.15"]
[SourceQuality "1"]

1. e4 c5 2. Nf3 Nc6 3. d4 cxd4 4. Nxd4 e5 5. Nf5 d5 6. exd5 Bxf5 7. dxc6 Qxd1+
8. Kxd1 O-O-O+ 9. Bd2 bxc6 10. Nc3 Bc5 11. Ba6+ Kc7 12. Rf1 Ne7 13. h3 Nd5 14.
g4 Bxc2+ 15. Kxc2 Nb4+ 16. Kd1 Nxa6 17. Ke2 f6 18. a3 Bd4 19. Na4 Rd5 20. Nc3
Rd7 21. Be3 Rb8 22. Rab1 Rb3 23. Rfd1 c5 24. a4 Rb4 25. Bxd4 cxd4 26. Nb5+ Kb6
27. b3 Nc5 28. Rbc1 Rxb3 29. Rb1 Ka5 30. Rxb3 Nxb3 31. Nc3 Kb4 32. Ne4 Kxa4 33.
Ra1+ Kb4 34. Rb1 Rc7 35. Nd2 Rc3 36. Nxb3 Rxb3 37. Ra1 a5 0-1

[Event "6. Obert Internacional Masdenverge 2017"]
[Site "Masdenverge ESP"]
[Date "2017.07.02"]
[Round "7.5"]
[White "Ramos Lor, Jose"]
[Black "Lorca Cortada, David"]
[Result "0-1"]
[WhiteElo "1967"]
[BlackElo "2056"]
[PlyCount "104"]
[EventDate "2017.06.30"]
[EventType "swiss"]
[EventRounds "7"]
[EventCountry "ESP"]
[SourceTitle "Ajedrez en Madrid"]
[Source "lmi"]
[SourceDate "2017.06.30"]
[SourceVersion "1"]
[SourceVersionDate "2018.04.15"]
[SourceQuality "1"]

1. e4 c5 2. Nf3 e6 3. d4 cxd4 4. Nxd4 a6 5. a3 Nf6 6. Nc3 Qc7 7. Be2 b5 8. O-O
Bb7 9. Bf3 d6 10. Bg5 Be7 11. Bxf6 Bxf6 12. Ndxb5 axb5 13. Nxb5 Qb6 14. Nxd6+
Ke7 15. Nxb7 Be5 16. Qd2 Nc6 17. Qg5+ Kf8 18. Nd6 Bxd6 19. e5 Be7 20. Qf4 Rc8
21. Bxc6 Rxc6 22. Qe4 g6 23. a4 Kg7 24. a5 Qc5 25. b4 Qxc2 26. Qxc2 Rxc2 27. b5
Bc5 28. Rfc1 Bxf2+ 29. Kf1 Rxc1+ 30. Rxc1 Bd4 31. b6 Rb8 32. Rb1 f6 33. exf6+
Kxf6 34. Ke2 Ke5 35. Kd3 Kd5 36. Rb5+ Kc6 37. Kc4 e5 38. Rb1 Be3 39. Rf1 Rc8
40. Rf6+ Kb7+ 41. Kb5 Rc5+ 42. Kb4 Ka6 43. Rf8 Rb5+ 44. Kc4 Rxa5 45. b7 Kxb7
46. Rf7+ Kc6 47. Rxh7 Rd5 48. h4 Rd4+ 49. Kc3 Rg4 50. Kd3 Bf4 51. Rg7 Rxg2 52.
h5 Rg3+ 0-1

[Event "6. Obert Internacional Masdenverge 2017"]
[Site "Masdenverge ESP"]
[Date "2017.07.02"]
[Round "7.6"]
[White "Buch Prades, Joan"]
[Black "Moya Gimeno, Raul"]
[Result "1-0"]
[WhiteElo "2077"]
[BlackElo "1705"]
[PlyCount "51"]
[EventDate "2017.06.30"]
[EventType "swiss"]
[EventRounds "7"]
[EventCountry "ESP"]
[SourceTitle "Ajedrez en Madrid"]
[Source "lmi"]
[SourceDate "2017.06.30"]
[SourceVersion "1"]
[SourceVersionDate "2018.04.15"]
[SourceQuality "1"]

1. d4 Nf6 2. c4 c5 3. d5 e6 4. Nc3 exd5 5. cxd5 d6 6. e4 a6 7. a4 g6 8. Bd3 Bg7
9. Nge2 O-O 10. h3 Re8 11. O-O Nbd7 12. Ng3 Ne5 13. Bc2 Rb8 14. f4 Ned7 15. Bd3
Qc7 16. b3 Nf8 17. Bb2 Bd7 18. Qe2 Qb6 19. Bc4 Qc7 20. Rae1 Re7 21. Qd3 Ne8 22.
e5 dxe5 23. d6 Nxd6 24. Nd5 Qd8 25. Nxe7+ Qxe7 26. Bxe5 1-0

[Event "6. Obert Internacional Masdenverge 2017"]
[Site "Masdenverge ESP"]
[Date "2017.07.02"]
[Round "7.7"]
[White "Pla Andreu, Abraham"]
[Black "Aloy Lopez, Xavier"]
[Result "1-0"]
[WhiteElo "1983"]
[BlackElo "1597"]
[PlyCount "81"]
[EventDate "2017.06.30"]
[EventType "swiss"]
[EventRounds "7"]
[EventCountry "ESP"]
[SourceTitle "Ajedrez en Madrid"]
[Source "lmi"]
[SourceDate "2017.06.30"]
[SourceVersion "1"]
[SourceVersionDate "2018.04.15"]
[SourceQuality "1"]

1. d4 Nf6 2. Nf3 d5 3. Bf4 e6 4. Nbd2 Bd6 5. Bxd6 Qxd6 6. e3 Nbd7 7. c3 c6 8.
Bd3 e5 9. dxe5 Nxe5 10. Nxe5 Qxe5 11. Nf3 Qh5 12. Nd4 Qxd1+ 13. Rxd1 O-O 14.
O-O Be6 15. h3 Rae8 16. Bb1 Rd8 17. Bf5 Rfe8 18. Bxe6 fxe6 19. f3 e5 20. Ne2 c5
21. Rd2 Rd7 22. Rfd1 Red8 23. Kf2 Kf7 24. g3 b6 25. g4 h6 26. Ng3 g6 27. Ke2
Ke7 28. f4 e4 29. g5 hxg5 30. fxg5 Nh7 31. h4 Ke6 32. c4 Ke5 33. cxd5 Rxd5 34.
Rxd5+ Rxd5 35. Rf1 Rd7 36. Rf4 Rd4 37. Rf7 Rb4 38. b3 a5 39. Kd2 a4 40. Kc3 a3
41. Rxh7 1-0

[Event "6. Obert Internacional Masdenverge 2017"]
[Site "Masdenverge ESP"]
[Date "2017.07.02"]
[Round "7.8"]
[White "Biosca Caballe, Nestor"]
[Black "Fosch Ferre, Arnau"]
[Result "0-1"]
[WhiteElo "1952"]
[BlackElo "1698"]
[PlyCount "42"]
[EventDate "2017.06.30"]
[EventType "swiss"]
[EventRounds "7"]
[EventCountry "ESP"]
[SourceTitle "Ajedrez en Madrid"]
[Source "lmi"]
[SourceDate "2017.06.30"]
[SourceVersion "1"]
[SourceVersionDate "2018.04.15"]
[SourceQuality "1"]

1. e4 c5 2. Nf3 a6 3. d4 cxd4 4. Nxd4 Nf6 5. Nc3 e5 6. Nf3 Bb4 7. Bd2 O-O 8.
Bd3 Bxc3 9. bxc3 d5 10. Qe2 Bg4 11. Rd1 Qc7 12. O-O Nbd7 13. exd5 e4 14. Bxe4
Rfe8 15. d6 Qc8 16. Bxh7+ Nxh7 17. Qd3 Nc5 18. Qd5 Nf6 19. Qc4 b5 20. Qf4 Re4
21. Qg5 Ne6 0-1

[Event "6. Obert Internacional Masdenverge 2017"]
[Site "Masdenverge ESP"]
[Date "2017.07.02"]
[Round "7.9"]
[White "Ferre Fornos, J. Enric"]
[Black "Onate Mesa, Carles"]
[Result "1-0"]
[WhiteElo "1893"]
[BlackElo "1687"]
[PlyCount "103"]
[EventDate "2017.06.30"]
[EventType "swiss"]
[EventRounds "7"]
[EventCountry "ESP"]
[SourceTitle "Ajedrez en Madrid"]
[Source "lmi"]
[SourceDate "2017.06.30"]
[SourceVersion "1"]
[SourceVersionDate "2018.04.15"]
[SourceQuality "1"]

1. e4 d6 2. d4 g6 3. f4 Bg7 4. Nf3 a6 5. Bd3 Nc6 6. c3 Nh6 7. O-O f5 8. e5 dxe5
9. dxe5 e6 10. Qe2 Nf7 11. Be3 Ne7 12. Na3 O-O 13. Rad1 Qe8 14. Bc4 c6 15. Bb3
b5 16. Bc5 a5 17. Rd2 a4 18. Bc2 Nd8 19. Nd4 Rf7 20. Bxe7 Qxe7 21. Rfd1 Bb7 22.
Nf3 Rf8 23. Bb1 b4 24. cxb4 Qxb4 25. Qc4 c5 26. Qxb4 cxb4 27. Nc4 Bxf3 28. gxf3
Nf7 29. Kf2 Rad8 30. Rxd8 Rxd8 31. Rxd8+ Nxd8 32. Bc2 Bh6 33. Kg3 Nc6 34. Bxa4
Nd4 35. Bd1 Kf8 36. a4 Ke8 37. a5 Kd8 38. Nd6 Kc7 39. Nf7 Bf8 40. Kf2 Bc5 41.
Ke1 Nc6 42. Ng5 Nd8 43. Kd2 h6 44. Nh7 Nc6 45. a6 Kb6 46. Be2 Nb8 47. Bc4 Nxa6
48. Bxe6 Bd4 49. b3 Bc3+ 50. Ke2 Nc5 51. Bc4 Kc6 52. h4 1-0

[Event "6. Obert Internacional Masdenverge 2017"]
[Site "Masdenverge ESP"]
[Date "2017.07.02"]
[Round "7.10"]
[White "Rodriguez Marin, Jose"]
[Black "Santos Morales, Julio Cesar"]
[Result "0-1"]
[WhiteElo "1618"]
[BlackElo "1879"]
[PlyCount "68"]
[EventDate "2017.06.30"]
[EventType "swiss"]
[EventRounds "7"]
[EventCountry "ESP"]
[SourceTitle "Ajedrez en Madrid"]
[Source "lmi"]
[SourceDate "2017.06.30"]
[SourceVersion "1"]
[SourceVersionDate "2018.04.15"]
[SourceQuality "1"]

1. d4 Nf6 2. Nf3 g6 3. Bg5 Bg7 4. Nbd2 d6 5. e3 Nbd7 6. Be2 O-O 7. c3 b6 8. Qb3
Bb7 9. O-O e5 10. dxe5 dxe5 11. e4 Nc5 12. Qc2 Qe8 13. Bxf6 Bxf6 14. Rfe1 Qc6
15. Bf1 Rfe8 16. b4 Ne6 17. g3 Rad8 18. a4 Qd7 19. Rad1 Qe7 20. h4 c5 21. b5 h6
22. Nc4 Ng7 23. Rxd8 Rxd8 24. Ne3 Ne6 25. Ng4 Bg7 26. Qc1 h5 27. Ngxe5 Qf6 28.
Bh3 Nf8 29. Qg5 Qd6 30. Nd7 Qd3 31. Re3 Qd1+ 32. Re1 Qxf3 33. Qxd8 Bxe4 34.
Rxe4 Qxe4 0-1